Normale Ansicht MARC-Ansicht ISBD

Besucherrekord bei "Klassik ohne Grenzen" (Titelsatznr. 373986)

[ MARC ]
MARC-Details
000 -Satzkennung
Kontrollfeld mit fester Länge 00674nab a2200193 4500
001 - Kontrollnummer
Kontrollfeld 244442
003 - Kontrollnummer Identifier
Kontrollfeld OSt
005 - Datum und Zeit der letzten Transaktion
Kontrollfeld 20250905093552.0
007 - Feld mit fester Länge zur physischen Beschreibung - Allgemeine Information
Kontrollfeld mit fester Länge tu
008 - Feld mit fester Länge zur physischen Beschreibung - Allgemeine Angaben
Kontrollfeld mit fester Länge 200917s2020|||||||
040 ## - Katalogisierungsquelle
Original-Katalogisierungsstelle DE-2950
Übertragungsstelle DE-2950
245 00 - Titel
Titel Besucherrekord bei "Klassik ohne Grenzen"
Zusatz zum Titel Kultur. Die Festivalreihe ist zu Ende gegangen. 11.000 Gäste kamen n fünf Wochenenden - allein rund 6.000 waren es bei Abschlusskonzert auf dem Anger/
Verfasserangabe etc. Lisa Larossa
264 ## - Produktion, Veröffentlichung, Distribution, Herstellung und Urheberrechtsvermerk
Datum der Herstellung, der Veröffentlichung, des Vertriebs oder des Urheberschutzvermerks 2024
653 ## - Indexierungsterm - Nicht normiert
Nicht-normierter Term Frankfurt (Oder)
653 ## - Indexierungsterm - Nicht normiert
Nicht-normierter Term "Klassik ohne Grenzen"
653 ## - Indexierungsterm - Nicht normiert
Nicht-normierter Term Abschlusskonzert
773 0# - Übergeordnete Einheit
Verknüpfungsangaben 36. Jahrgang (2025) Nr. 203 vom 01.09.2025, S. 11 mit Foto
Titel Märkische Oderzeitung
942 ## - Zusätzliche Felder (Koha)
Klassifikation oder Aufstellungssystematik Andere/Generische Klassifikation
Koha-Medientyp Aufsätze
Exemplare
Ausgeschieden Verloren Klassifikation oder Aufstellungssystematik Beschädigt Nicht entleihbar Heimatbibliothek Aufenthaltsbibliothek Aufstellungsort Erwerbungsdatum Anzahl Ausleihen Signatur Letzte Aktivität Preis gültig von Koha-Medientyp
    Andere/Generische Klassifikation     Stadtarchiv Frankfurt (Oder) | Archivbibliothek Stadtarchiv Frankfurt (Oder) | Archivbibliothek Magazin 05/09/2025   Z2 05/09/2025 05/09/2025 Aufsätze